| 000 | 01642cad a22003015a 4500 | ||
|---|---|---|---|
| 001 | E144800 | ||
| 008 | 080811s2008 xxk f 000 0 eng d | ||
| 020 | _a9780755971084 | ||
| 035 | _a(Sirsi) u144800 | ||
| 041 | 0 | _aeng | |
| 050 | 0 | 4 | _a346.410438 $2 18 |
| 100 | 1 | _aSlee, Bill | |
| 245 | 0 | 0 |
_aMonitoring and evaluating the effects of land reform on rural Scotland _ba scoping study and impact assessment _h[electronic resource] |
| 260 |
_aEdinburgh _bScottish Government _c2008 |
||
| 505 | 2 | _aExecutive summary -- Introduction -- Methodological approach -- Access -- Nature conservation -- Community planning -- Property and land tenure -- Community right to buy -- Crofting community right to buy -- Stakeholder workshop -- Conclusions -- Appendices | |
| 520 | _aLand reform has had an impact on rural land ownership and use in Scotland, and community-based land reform is now central to Scottish rural policy. This report presents the results of a study to examine the effect of recent land reform, including determining what data and analysis are currently available, and advising the Scottish Government on research and monitoring of land reform impacts. | ||
| 521 | _aAdvanced | ||
| 590 | _aKA | ||
| 651 | 4 |
_aScotland _y1999- |
|
| 690 | _aPROPERTY-RURAL AND NATURAL ASSETS-RURAL AND NATURAL ASSET MANAGEMENT-LAND MANAGEMENT | ||
| 700 | 1 | _aBrown, Katrina | |
| 700 | 1 | _aBlackstock, Kirsty | |
| 700 | 1 | _aCook, Peter | |
| 700 | 1 | _aGrieve, John | |
| 700 | 1 | _aMoxey, Andrew | |
| 856 | 4 | 0 |
_uhttps://www.scotland.gov.uk/Publications/2008/06/12121207/0 _zView the report free of charge at www.scotland.gov.uk... |
| 942 | _n0 | ||
| 999 |
_c108618 _d108618 |
||